| 000 | 00795nam a22002297a 4500 | ||
|---|---|---|---|
| 005 | 20130807115353.0 | ||
| 010 | _aB-508513-541 | ||
| 020 |
_a9788183555326 _c195.00 |
||
| 035 | _aB-508513-541 | ||
| 037 | _bKKP/Ven | ||
| 082 | _a808.84 | ||
| 245 |
_aBig book of essaya: _bAncient to current topics/ |
||
| 260 |
_aNoida _bG.K.Publications _c2012 |
||
| 270 |
_aH-205, Sector-63, _bNoida (U.P) _e201307 _k01204267181 _l0120-4267183 _mgkp@gkpublications.com |
||
| 300 |
_a624p. _c21cm(pbk) _bill. |
||
| 500 | _aIncludes index | ||
| 650 | _aMechanics, Applied | ||
| 700 |
_aReddy, K. Vijaya Kumar _945280 |
||
| 700 |
_aSuresh Kumar, J. _945283 |
||
| 942 |
_2ddc _cEN _h808.84 _mBIG |
||
| 999 |
_c75517 _d75517 |
||